Sanayi Devrimi'nin etkisinde imparatorluk'tan cumhuriyet'e Türkiye / (Record no. 15212)

MARC details
000 -BAŞLIK
Sabit Uzunlukta Kontrol Alanı 00604nam a22002057a 4500
999 ## - SİSTEM KONTROL NUMARALARI (KOHA)
Koha Biblionumber 15212
Koha Biblioitemnumber 15212
003 - KONTROL NUMARASI IDENTIFIER
Denetim Alanı MIRAKIL
005 - SON İŞLEM TARİHİ VE ZAMANI
Denetim Alanı 20230424152129.0
008 - SABİT-BOY VERİ ELEMANLARI - GENEL BİLGİLER
Sabit Uzunlukta Kontrol Alanı 230424b tu ||||| |||| 00| 0 tur d
020 ## - ULUSLARARASI STANDART KİTAP NUMARASI
Uluslararası Standart Kitap Numarası 9789756959459
040 ## - KATALOGLAMA KAYNAK
Orijinal Kataloglama Ajansı TR-AnCHP
Metne Dönüştürmek Ajansı TR-AnCHP
041 ## - DİL KODU
Metin / Ses Parça Veya Ayrı Başlığın Dil Kodu tur
082 ## - DEWEY ONLU SINIFLANDIRMA NUMARASI
Sınıflandırma Numarası 330.942
Ürün Numarası S39s 2011
100 ## - ANA GİRİŞ - KİŞİSEL İSİM
Kişisel Ad Sezgin, Candan
245 10 - BAŞLIK TABLOSU
Başlık Sanayi Devrimi'nin etkisinde imparatorluk'tan cumhuriyet'e Türkiye /
Sorumluluk Tablosu, Vb Candan Sezgin.
260 ## - YAYIN, DAĞITIM, VB
Yayın, Dağıtım, Vb Yeri İstanbul;
Yayıncı, Dağıtıcı, Vs Adı [yayl.y.],
Yayın, Dağıtım, Vb Tarihi 2011.
300 ## - FİZİKSEL TANIM
Kapsam 447 s.:
Diğer Fiziksel Ayrıntıları fotg.;
Boyutlar 30 sm.
504 ## - KAYNAKÇA VB NOT
Kaynakça Vb Notu kaynakça vardır.
650 #0 - KONU KATMA GİRİŞ - TOPİKAL DÖNEM
9 (RLIN) 7390
Topikal Süreli Veya Coğrafi Ad Giriş Elemanı Sanayi
Genel Alt Bölümü Tarih
Coğrafi Alt Bölümü Türkiye
942 ## - EKLENDİ GİRİŞ ELEMANLARI (KOHA)
Sınıflandırma Veya Raf Düzeni Kaynak Dewey Decimal Classification
Koha Öğesi Türü Books
Holdings
Kalıcı Konum Mevcut Konum Edinme Tarihi Toplam Check-Out'Lar Tam Çağrı Numarası Barkod Tarih Son Görülme İtibaren Geçerli Fiyatlar Koha Öğesi Türü
CHP Kütüphanesi CHP Kütüphanesi 04/24/2023   330.942 S39s 2011 020800 04/24/2023 04/24/2023 Books